Science Quiz

Random Science or Clickable Quiz

Drugs and Neurotransmitters Quiz Stats

 Plays Quiz not verified by Sporcle

Challenge
Share
Tweet
Embed
Score 0/74 Timer 20:00
0 Plays Today
% Correct
Dopamine
54.8%
Opioids
52.4%
Environment
52.4%
Defensive Burying
50%
Pineal Gland
50%
Conditioned Taste Aversion
47.6%
Excitatory
47.6%
Antidepressants
47.6%
Breakups
45.2%
Inhibitory
45.2%
Conditioned
45.2%
Tranquillizer
45.2%
Conditioned Drug Tolerance
42.9%
Amino Acids
42.9%
Psychendocrinology.
42.9%
Sleeping.
40.5%
Pharmacokinetics
40.5%
Psychopharmacology
40.5%
Unconditioned
40.5%
Nootropics
38.1%
Hypothalamus, Limbic System, Pons, Midbrain
38.1%
Emotional processing, mood, arousal, pain processing, reflexes.
38.1%
Adenosine
38.1%
Behavioural Pharmacology
38.1%
Psychophysiology.
38.1%
Stimulants
38.1%
Withdrawl.
38.1%
Amines (Monamines)
35.7%
Substantia Nigra, Ventral Tagmentum Area, Basal Ganglia, Limbic System, Cortex
35.7%
Raphé Nuclei, Limbic System, Cortex
35.7%
Depressants
35.7%
Catecholamines
33.3%
Indoleamines
33.3%
Pharmacodynamics
33.3%
Variable Ratio
31%
Reactive Depression
31%
Transmitter Gasses
31%
% Correct
Classical Conditioning
28.6%
Antioxidant.
28.6%
Fixed Ratio
28.6%
Biorhythms, sleep, puberty.
28.6%
SSRIS
28.6%
Conditioned Compensatory Response
26.2%
Vigilance, sexual behaviour, appetite, learning and memory.
26.2%
Receptors are malfunctioning
26.2%
GABA
26.2%
Anandamine
26.2%
LSD, Shrooms and 'toads'
26.2%
Neurohypophyseals.
23.8%
Tryptophan
23.8%
Ethoexperimental
23.8%
Depressant and Stimulant
23.8%
Hallucinogens
23.8%
MDMA, STP
23.8%
THC and PCP
23.8%
MAOIS
23.8%
Quatery Amines.
21.4%
Large Molecule Neurotransmitters
21.4%
B-Vitamin deficiency
21.4%
Tricylics
21.4%
Sheperd and Krank (2001)
19%
Scheduled Reinforcement
19%
Small Molecule Neurotransmitters
19%
Cortisol
19%
Antipsychotics
19%
Meditation
19%
Histamines
16.7%
Opioids Subcategory
14.3%
Ethological
14.3%
Psilocybin
11.9%
Pharmacology
11.9%
Atrophine
11.9%
Punishment
9.5%
Seasonal Affective Disorder
7.1%

You're not logged in!

Compare scores with friends on all Sporcle quizzes.
OR
Log In

You Might Also Like...

Show Comments

Extras

Created Feb 26, 2014ReportNominate
Tags:Clickable Quiz, drug, identify

Top Quizzes Today


Score Distribution

Your Account Isn't Verified!

In order to create a playlist on Sporcle, you need to verify the email address you used during registration. Go to your Sporcle Settings to finish the process.

Report this User

Report this user for behavior that violates our Community Guidelines.

Details: